100 ciudades más grandes de Europa en 1850 con un mapa - Estadísticas

Estadísticas generales
  • Esta prueba ha sido intentada 57 veces
  • La puntuación promedio es 64 de 100
Respuestas en el mapa
Las respuestas están codificadas por una escala verde-roja en el mapa de la prueba según el % correcto abajo.
 
Estadísticas de respuestas
Población Ciudades % Correcto
225k Ámsterdam
100%
220k Barcelona
100%
87k Comunidad Valenciana
100%
250k Lisboa
100%
2,24m Londres
100%
281k Madrid
100%
1,05m París
100%
175k Roma
100%
437k Berlín
98%
262k Dublin
98%
376k Liverpool
98%
93k Málaga
98%
440k Moscú
98%
100k Múnich
98%
409k Nápoles
98%
431k Viena
98%
104k Bucarest
96%
785k Constantinopla
96%
209k Milán.
96%
113k Sevilla
96%
96k Buda
94%
62k Cádiz
94%
93k Estocolmo
94%
149k Hamburgo
94%
303k Mánchester
94%
195k Marsella
94%
554k San Petersburgo
94%
132k Bruselas
92%
74k Porto
92%
127k Venecia
92%
233k Birmingham
90%
62k Granada
90%
177k Lyon
90%
137k Turín
90%
167k Varsovia
90%
130k Copenhague
88%
168k Palermo
88%
160k Edimburgo
86%
61k Kiev
86%
65k Pest
86%
93k Toulouse
86%
345k Glasgow
84%
118k Praga
84%
130k Burdeos
82%
94k Florencia
82%
87k Belfast
80%
110k Colonia
80%
90k Róterdam
76%
72k La Haya
74%
96k Nantes
74%
88k Amberes
72%
66k Estrasburgo
72%
75k Lille
72%
70k Riga
72%
172k Leeds
62%
100k Odesa
62%
74k Bolonia
58%
65k Catania
56%
85k Cork
56%
137k Bristol
54%
59k Chisináu
52%
64k Gdansk
50%
76k Königsberg
50%
70k Salónica
50%
66k Brighton
48%
62k Fráncfort del Meno
48%
107k Gante
48%
64k Trieste
46%
63k Leipzig
44%
97k Dresde
42%
61k Brest
40%
135k Sheffield
40%
100k Lodz
36%
99k Nottingham
36%
62k Messina
34%
72k Aberdeen
32%
76k Lieja
32%
61k Leicester
30%
68k Lemberg
28%
57k Metz
28%
68k Norwich
28%
85k Adrianópolis
26%
79k Dundee
26%
72k Portsmouth
26%
84k Livorno
24%
114k Breslavia
22%
65k Sunderland
22%
101k Ruan
20%
61k Bolton
18%
128k Ginebra
16%
88k Newcastle upon Tyne
16%
110k Bradford
14%
72k Magdeburgo
14%
69k Tolón
14%
85k Kingston upon Hull
12%
70k Preston
10%
57k Greenwich
8%
62k Sarátov
8%
57k Ashton-under-Lyne
2%
85k Salford
2%
No se encontraron pruebas coincidentes
Distribución de puntuación
Porcentaje de gente con cada puntuación
Porcentaje por número respondido
Historial de tus puntuaciones
No has intentado esta prueba.